Countries with Eight Letters - Statistics

General Stats
  • This quiz has been taken 49 times
  • The average score is 15 of 25
Answer Stats
Answer % Correct
Botswana
78%
Colombia
75%
Honduras
75%
Barbados
69%
Pakistan
69%
Thailand
69%
Cambodia
66%
Paraguay
66%
Suriname
66%
Ethiopia
63%
Slovakia
63%
Slovenia
63%
Sri Lanka
59%
Bulgaria
56%
Djibouti
56%
Maldives
56%
Cameroon
53%
Kiribati
53%
Mongolia
53%
Portugal
53%
Tanzania
53%
Dominica
50%
Eswatini
50%
Malaysia
50%
Zimbabwe
47%
No matching quizzes found
Score Distribution
Percent of People with Each Score
Percentile by Number Answered
Your Score History
You have not taken this quiz